00812nam a22002177a 450000500170000001000150001702000260003203500130005803700130007108200130008410000170009724501120011426000450022627000640027130000230033550000500035870000160040894200270042499900170045195201260046820140827122106.0 aENG-110598 a9780198099789c995.00 aEN-94130 bDBAD/PUB a621.3822 aRohit Prasad aThe dynamics of spectrum management :cby Rohit Prasad [and] V. Sridharblegacy, technology and economics / aNew DelhibOxford University Pressc2014 aYMCA Library Building, 1 Jai Singh Road bNew Delhie110001 axx,366p.c23cm(Hb) aIncludes bibliographical references and index aSridhar, V. 2ddccENmROHh621.3822 c87583d87583 001040718NFICaDBADbDBADd2014-08-05eDBAD/PUBg995.00l0o621.3822 ROHpEN-94130r2014-08-05 00:00:00t1v995.00yEN